[Event "GBR-ch 97th"]
[Site "Canterbury"]
[Date "2010.08.02"]
[Round "7"]
[White "Sathyanandha, Saravanan"]
[Black "Salimbeni, George PW"]
[Result "1-0"]
[WhiteElo "1986"]
[BlackElo "2164"]
[PlyCount "91"]
[EventDate "2010.07.26"]
[EventType "swiss"]
[EventRounds "11"]
[EventCountry "ENG"]
[SourceTitle "CBM 137 Extra"]
[Source "ChessBase"]
[SourceDate "2010.09.01"]
[SourceVersion "1"]
[SourceVersionDate "2010.09.01"]
[SourceQuality "1"]

1. d4 Nf6 2. c4 g6 3. Nc3 d5 4. Nf3 Bg7 5. Qb3 dxc4 6. Qxc4 0-0 7. e4 Bg4 8. Be3 Nfd7 9. Rd1 Nc6 10. Be2 Nb6 11. Qc5 Nd7 12. Qa3 a6 13. d5 Na7 14. Qb3 b5 15. Nd4 Bxe2 16. Ncxe2 Ne5 17. 0-0 Qc8 18. Rc1 Nc4 19. a4 Nxe3 20. Qxe3 bxa4 21. Rc4 Qb7 22. Qa3 Nb5 23. Qb4 Qb6 24. Nc6 Nd6 25. Qxb6 cxb6 26. Rxa4 b5 27. Ra2 Nxe4 28. Nxe7+ Kh8 29. Rd1 Rfe8 30. Nc6 Nd6 31. Ned4 Re4 32. f3 Re3 33. Kf2 Ree8 34. Nc2 Nc4 35. d6 Bf6 36. d7 Rf8 37. b3 Ne5 38. N2b4 Nxc6 39. Nxc6 Kg7 40. b4 Bd8 41. Re2 Bb6+ 42. Kf1 Bc7 43. Rde1 f6 44. Re8 Kf7 45. R1e7+ Kg8 46. Rxa8 1-0

[Event "GBR-ch 97th"]
[Site "Canterbury"]
[Date "2010.07.29"]
[Round "4"]
[White "Josse, Mark"]
[Black "Sathyanandha, Saravanan"]
[Result "1-0"]
[WhiteElo "2128"]
[BlackElo "1986"]
[PlyCount "77"]
[EventDate "2010.07.26"]
[EventType "swiss"]
[EventRounds "11"]
[EventCountry "ENG"]
[SourceTitle "CBM 137 Extra"]
[Source "ChessBase"]
[SourceDate "2010.09.01"]
[SourceVersion "1"]
[SourceVersionDate "2010.09.01"]
[SourceQuality "1"]

1. e4 e6 2. d4 d5 3. Nd2 Nf6 4. e5 Nfd7 5. Bd3 c5 6. c3 Nc6 7. Ngf3 Be7 8. 0-0 a5 9. Re1 cxd4 10. cxd4 g5 11. h3 h5 12. Nf1 g4 13. hxg4 hxg4 14. N3h2 Bb4 15. Re3 Qh4 16. Rg3 f5 17. Bb5 Kf7 18. Be3 Be7 19. f3 gxf3 20. Rh3 fxg2 21. Rxh4 gxf1Q+ 22. Qxf1 Rxh4 23. Nf3 Rh5 24. Kf2 Nf8 25. Qg2 Bd7 26. Rg1 Rc8 27. Be2 f4 28. Bxf4 Rf5 29. Be3 Bh4+ 30. Kf1 Nxd4 31. Qg7+ Ke8 32. Bxd4 Rc1+ 33. Kg2 Rc2 34. Nxh4 Rxe2+ 35. Kh3 Rf7 36. Qg5 Bb5 37. Bb6 Kd7 38. Qd8+ Kc6 39. Qd6# 1-0

[Event "GBR-ch 97th"]
[Site "Canterbury"]
[Date "2010.07.28"]
[Round "3"]
[White "Sathyanandha, Saravanan"]
[Black "Jaunooby, Ali Reza"]
[Result "0-1"]
[WhiteElo "1986"]
[BlackElo "2155"]
[PlyCount "58"]
[EventDate "2010.07.26"]
[EventType "swiss"]
[EventRounds "11"]
[EventCountry "ENG"]
[SourceTitle "CBM 137 Extra"]
[Source "ChessBase"]
[SourceDate "2010.09.01"]
[SourceVersion "1"]
[SourceVersionDate "2010.09.01"]
[SourceQuality "1"]

1. e4 g6 2. d4 Bg7 3. Nc3 d6 4. Be3 a6 5. Qd2 b5 6. a4 b4 7. Nd1 a5 8. c3 Nf6 9. f3 Na6 10. Bb5+ Nd7 11. Ne2 c5 12. dxc5 Naxc5 13. Bxc5 dxc5 14. Qd5 Rb8 15. Qxc5 Ba6 16. Qd5 Bxb5 17. axb5 Qb6 18. Nf2 e6 19. Qc6 Qxb5 20. Qxb5 Rxb5 21. Nd4 Rc5 22. Nd3 bxc3 23. Nxc5 cxb2 24. Rd1 Nxc5 25. Nc6 0-0 26. Nxa5 Bc3+ 27. Ke2 Bxa5 28. Rd6 Na4 29. Ra6 Rc8 0-1

[Event "Akhisar Manisa ol U16"]
[Site "Akhisar Manisa"]
[Date "2009.09.28"]
[Round "5"]
[White "Sathyanandha, Saravanan"]
[Black "Iskandarov, Misratdin"]
[Result "1-0"]
[WhiteElo "2010"]
[BlackElo "2034"]
[PlyCount "107"]
[EventDate "2009.09.25"]
[EventType "team-swiss"]
[EventRounds "10"]
[EventCountry "TUR"]
[SourceTitle "CBM 132 Extra"]
[Source "ChessBase"]
[SourceDate "2009.11.03"]
[SourceVersion "1"]
[SourceVersionDate "2009.11.03"]
[SourceQuality "1"]

1. e4 g6 2. d4 Bg7 3. c4 c5 4. d5 d6 5. Ne2 e6 6. Nbc3 Nf6 7. g3 exd5 8. cxd5 0-0 9. Bg2 Re8 10. 0-0 b5 11. e5 Rxe5 12. Bf4 Re8 13. Nxb5 Bf8 14. Nec3 a6 15. Na3 Nh5 16. Bd2 Nd7 17. f4 f5 18. Qf3 Nb6 19. Rfe1 Nf6 20. Qd3 Bg7 21. Rxe8+ Qxe8 22. Re1 Qd8 23. b3 Rb8 24. Nd1 Qd7 25. Ne3 Bb7 26. Nac4 Nxc4 27. Nxc4 Ne4 28. Bxe4 Bd4+ 29. Kg2 fxe4 30. Qxe4 Rd8 31. Na5 Bf6 32. Nxb7 Qxb7 33. Ba5 Rd7 34. Qc4 Kf7 35. Kf3 Qb5 36. Qxb5 axb5 37. a3 Ra7 38. b4 c4 39. Re6 Rd7 40. Bb6 Bb2 41. Re3 Rb7 42. Re2 Bxa3 43. Ba5 Re7 44. Rxe7+ Kxe7 45. Ke2 Bb2 46. Kd2 Bd4 47. h3 Bf2 48. g4 Bg3 49. Ke3 c3 50. Kd3 Bxf4 51. Kxc3 Kf6 52. Kd4 Bd2 53. Ke4 Kf7 54. h4 1-0

[Event "Akhisar Manisa ol U16"]
[Site "Akhisar Manisa"]
[Date "2009.09.27"]
[Round "4"]
[White "Pon, Matt"]
[Black "Sathyanandha, Saravanan"]
[Result "0-1"]
[WhiteElo "1549"]
[BlackElo "2010"]
[PlyCount "88"]
[EventDate "2009.09.25"]
[EventType "team-swiss"]
[EventRounds "10"]
[EventCountry "TUR"]
[SourceTitle "CBM 132 Extra"]
[Source "ChessBase"]
[SourceDate "2009.11.03"]
[SourceVersion "1"]
[SourceVersionDate "2009.11.03"]
[SourceQuality "1"]

1. e4 d6 2. d4 Nf6 3. Nc3 g6 4. Nf3 Bg7 5. Bf4 Nbd7 6. Bc4 0-0 7. Ng5 c5 8. dxc5 Nxc5 9. e5 Nh5 10. Be3 Ne6 11. exd6 exd6 12. Nge4 Qh4 13. Be2 Nhf4 14. Bf3 d5 15. Nxd5 Nxd5 16. Qxd5 Rd8 17. Bg5 Qxg5 18. Nxg5 Rxd5 19. Bxd5 Nxg5 20. 0-0-0 Be6 21. h4 Bxd5 22. Rxd5 Ne6 23. Rhd1 Bf6 24. g3 Rc8 25. c3 Nc5 26. Re1 b5 27. Kd2 b4 28. Re3 Na4 29. cxb4 Nxb2 30. Rb3 Nc4+ 31. Kd3 Ne5+ 32. Kd2 Kg7 33. f4 Nc4+ 34. Kd3 Nb6 35. Rc5 Rd8+ 36. Ke4 Rd4+ 37. Kf3 Nc4 38. Rc3 Nd2+ 39. Ke3 Ne4 40. R3c4 Nxc5 41. Rxd4 Bxd4+ 42. Kxd4 Na4 43. Ke5 Kf8 44. Kf6 Nc3 0-1

[Event "Akhisar Manisa ol U16"]
[Site "Akhisar Manisa"]
[Date "2009.09.26"]
[Round "2"]
[White "Girish, A Koushnik"]
[Black "Sathyanandha, Saravanan"]
[Result "1-0"]
[WhiteElo "2250"]
[BlackElo "2010"]
[PlyCount "129"]
[EventDate "2009.09.25"]
[EventType "team-swiss"]
[EventRounds "10"]
[EventCountry "TUR"]
[SourceTitle "CBM 132 Extra"]
[Source "ChessBase"]
[SourceDate "2009.11.03"]
[SourceVersion "1"]
[SourceVersionDate "2009.11.03"]
[SourceQuality "1"]

1. d4 Nf6 2. Nf3 e6 3. c4 b6 4. a3 Bb7 5. Nc3 d6 6. d5 g6 7. e4 Bg7 8. Be2 0-0 9. 0-0 Nbd7 10. Be3 a6 11. Nd2 Qe7 12. Bd4 Rfe8 13. Re1 Rac8 14. Bf1 exd5 15. cxd5 h5 16. h3 Nh7 17. Bxg7 Kxg7 18. Nb3 Qg5 19. Nd4 Nhf6 20. g3 Qh6 21. h4 Nc5 22. Bg2 Ng4 23. b4 Nd7 24. Rc1 b5 25. Nb3 c5 26. dxc6 Bxc6 27. f4 Ndf6 28. Qd4 Kg8 29. Na5 Qg7 30. Nxc6 Rxc6 31. Qd2 Rc4 32. Qxd6 Nd5 33. Ne2 Rxc1 34. Rxc1 Qb2 35. Bf3 Nde3 36. Qd3 Nc4 37. Qc3 Qd2 38. Qxd2 Nxd2 39. Bxg4 hxg4 40. e5 Nc4 41. Kf2 Rd8 42. Ke1 Rd3 43. Rc3 Rxc3 44. Nxc3 Nxa3 45. Nd5 Nc2+ 46. Kd2 Nd4 47. Ke3 Nf5+ 48. Kf2 Kf8 49. Nc7 Ke7 50. Nxa6 Nd4 51. Nc7 Nc2 52. Nxb5 Nxb4 53. Nd4 Nd5 54. Ke2 f5 55. h5 gxh5 56. Nxf5+ Kf7 57. Ne3 Nb4 58. Kd2 Ke6 59. Kc3 Nc6 60. Kd3 Ne7 61. Ke4 h4 62. gxh4 g3 63. f5+ Nxf5 64. Nxf5 g2 65. Nd4+ 1-0